00805nam a2200193 a 450000100100000000500170001000800410002702000150006804000250008308200150010810000240012324501120014726001070025930000340036649000360040083000450043695201130048199900170059400004507520201002045846.0150202s1990 it a 000 0 spa d a9253028696 aDO-SdBNPbspacBNPHU axxxxbxxxx1 aSheng, T. C.97308510aConservación de suelos para los pequeños agricultores en las zonas tropicales húmedas /cT. C. Sheng. aRoma, Italia, :bOrganización de las Naciones Unidas para la Agricultura y la Alimentación,c1990. aviii, 121 p. :bil. ;c30 cm.1 aBoletin de suelos de la FAOv60 0aBoletin de suelos de la FAO ;n60973086 001050718MOaGRbGRcCTd2015-02-02iLF1l0oxxxx xxxxp45075-10r2020-06-25w2020-06-25y1ZNo se presta c44564d44564